000 nam a22 7a 4500
999 _c127772
_d127772
008 180323b xxu||||| |||| 00| 0 eng d
050 _aBT124.B639
100 _aBlanchard, Pierre
_940959
245 _aJacob et L'ange
260 _bDesclee de brouwer,
_c1957
300 _a231p.;
_c22cm.
440 _aLes etudes carmelitaines
_940960
650 _aDivine immanance
_940961
942 _2lcc
_cMONOGRAPH